000 00886nam a2200277 a 4500
001 000024820
005 20200930023405.0
008 110203s2000 sp r 000 f spa d
020 _a0553061224
040 _aDO-SdBNP
_bspa
_cBNPHU
041 1 7 _aeng
_hspa
_2Código de idioma MARC
082 _a823.914
_bP993t
100 1 _aPutney, Mary Jo
_944513
240 1 0 _aThunder and roses.
_lEspañol
245 1 0 _aTormenta de pasiones /
_cMary Jo Putney ; traducción de Amelia Brito.
260 _aBarcelona, (España) :
_bPlaza & Janés Editores,
_c2000.
300 _a148 p. ;
_c18 cm.
490 1 _aCisne
_v14
534 _aTítulo original :
_lThunder and roses.
650 4 _aNovela estadounidense
_9262
650 4 _aLiteratura estadounidense
_9263
650 4 _aNovela amorosa
_913334
700 1 _aBrito, Amelia,
_etr.
_949881
830 0 _aCisne ;
_v14
_950934
049 _aBNGR
999 _c24313
_d24313